| 000 | 00337nam a2200121 i 4500 | ||
|---|---|---|---|
| 001 | bg | ||
| 245 | 0 |
_aKonferencja Naukowa Młodej Kadry Instytutu Inżynierii Lądowej : _bczwarta : Międzygórze 7-12.06.1974. |
|
| 260 |
_aWrocław, _c1974. |
||
| 040 | _cBPK | ||
| 041 | _apol | ||
| 942 | _cKS | ||
| 008 | s pl f |000 0 pol | ||
| 999 |
_c26188 _d26188 |
||
| 856 |
_uhttp://koha.tu.koszalin.pl/cgi-bin/koha/opac-detail.pl?biblionumber=26188 _yKatalog online BPK |
||